Journal of chemical information and modeling.

Bibliographic Details
Previous Title:Journal of chemical information and computer sciences (Online)
Uniform Title:Journal of chemical information and modeling (Online)
Corporate Author: American Chemical Society
Format: Journal
Language:English
Published: Washington, DC : American Chemical Society, 2005-
Subjects:
Online Access:http://pubs.acs.org/jcim
Online Availability: Check for online availability

MARC

Tag First Indicator Second Indicator Subfields
LEADER 00000cas a22000007a 4500
001 in00002000355
005 20151031124809.0
006 m d
007 cr cnu--------
008 040414c20059999dcubr1pss 0 a0eng c
010 |a  2004212269 
022 0 |a 1549-960X  |y 1549-9596 
029 1 |a OCLCS  |b 125971 
035 |a (OCoLC)ocm54952610 
037 |b American Chemical Society, 1155 16th St., NW, Washington, D.C. 20036 
040 |a NSD  |c NSD  |d OCLCQ  |d WAU  |d NSD  |d TXA  |d UtOrBLW 
042 |a lcd  |a nsdp 
049 |a TXAM 
050 1 0 |a ISSN RECORD 
050 1 4 |a QD1  |b .A495 Electronic 
082 1 0 |a 029  |2 13 
130 0 |a Journal of chemical information and modeling (Online) 
210 0 0 |a J. chem. inf. model.  |b (Online) 
222 0 |a Journal of chemical information and modeling  |b (Online) 
245 1 0 |a Journal of chemical information and modeling. 
264 1 |a Washington, DC :  |b American Chemical Society,  |c 2005- 
310 |a Bimonthly 
336 |a text  |b txt  |2 rdacontent 
337 |a computer  |b c  |2 rdamedia 
338 |a online resource  |b cr  |2 rdacarrier 
362 0 |a Vol. 45, no. 1 (Jan. 2005)- 
500 |a Title from PDF contents (ACS, viewed Dec. 1, 2005). 
500 |a Latest issue consulted: Volume 45, number 6 (Nov. 2005) (viewed Dec. 1, 2005). 
530 |a Also issued in print. 
538 |a Mode of access: World Wide Web. 
500 |a Electronic resource. 
650 0 |a Chemical literature  |v Periodicals. 
650 0 |a Communication in chemistry  |v Periodicals. 
650 0 |a Chemistry  |x Information services  |v Periodicals. 
710 2 |a American Chemical Society. 
776 1 |t Journal of chemical information and modeling  |x 1549-9596  |w (DLC) 2004212268  |w (OCoLC)54952514 
780 0 0 |t Journal of chemical information and computer sciences (Online)  |x 1520-5142  |w (DLC)sn 98004596  |w (OCoLC)39281177 
856 4 0 |u http://pubs.acs.org/jcim  |t 0 
948 |a cataloged  |b h  |c 2006/2/21  |d c  |e pbump 
994 |a C0  |b TXA 
999 |a MARS 
999 f f |s c8018417-4e80-3e51-973b-3a04036f6956  |i 74d0a083-0c84-3282-909e-46e4d077152e  |t 0 
952 f f |a Texas A&M University  |b College Station  |c Electronic Resources  |d Available Online  |t 0  |e QD1 .A495  |g Electronic  |h Library of Congress classification 
998 f f |a QD1 .A495  |t 0  |l Available Online